[Event "Chateauroux op"]
[Site "Chateauroux"]
[Date "2005.11.11"]
[Round "1"]
[White "Troubat, Michael"]
[Black "Naveilhan, Roland"]
[Result "1-0"]
[WhiteElo "2074"]
[BlackElo "1740"]
[PlyCount "57"]
[EventDate "2005.10.30"]
[EventType "swiss"]
[EventRounds "7"]
[EventCountry "FRA"]
[SourceTitle "EXT 2007"]
[Source "ChessBase"]
[SourceDate "2006.11.23"]
[SourceVersion "1"]
[SourceVersionDate "2006.11.23"]
[SourceQuality "1"]

1. e4 e5 2. Nf3 Nc6 3. d4 exd4 4. Nxd4 Nf6 5. Nc3 Bb4 6. Nxc6 Bxc3+ 7. bxc3 bxc6 8. Bg5 Qe7 9. Bd3 0-0 10. 0-0 d6 11. f4 Qe6 12. Qf3 Bd7 13. Rae1 h6 14. f5 Qe5 15. Bf4 Qxc3 16. e5 dxe5 17. Bxe5 Qc5+ 18. Kh1 Nh7 19. f6 Nxf6 20. Bxf6 gxf6 21. Qg3+ Qg5 22. Qxc7 Rfd8 23. Rf3 Kh8 24. Rg3 Qd2 25. Rf1 Be6 26. Qe7 Qc3 27. Rxf6 Qd2 28. Rxe6 Rxd3 29. Qf6+ 1-0

[Event "Aurec Cup"]
[Site "Aurec"]
[Date "2002.06.16"]
[Round "4"]
[White "Troubat, Michael"]
[Black "Rauzieres, William"]
[Result "1/2-1/2"]
[WhiteElo "1890"]
[BlackElo "2020"]
[PlyCount "62"]
[EventDate "2002.06.??"]
[EventType "team"]
[EventRounds "5"]
[EventCountry "FRA"]
[SourceTitle "EXT 2004"]
[Source "ChessBase"]
[SourceDate "2003.11.25"]
[SourceVersion "1"]
[SourceVersionDate "2003.11.25"]
[SourceQuality "1"]

1. e4 c5 2. Nf3 d6 3. d3 Nc6 4. g3 g6 5. Bg2 Bg7 6. 0-0 e6 7. c3 Nge7 8. Be3 Bd7 9. Na3 0-0 10. Re1 Rc8 11. d4 cxd4 12. Nxd4 Nxd4 13. Bxd4 Rc6 14. Bxg7 Kxg7 15. Qd4+ e5 16. Qxa7 Qc8 17. Qe3 Bh3 18. Red1 Bxg2 19. Kxg2 f5 20. Nb5 Qe6 21. Rd2 f4 22. Qd3 f3+ 23. Kg1 Qh3 24. Qf1 Qe6 25. Rad1 Nc8 26. b3 g5 27. h3 Rf6 28. c4 Rh6 29. Kh2 b6 30. Nc3 Ne7 31. Nb5 Nc8 1/2-1/2